Manual de instituciones de derecho privado : parte i /

Guardado en:
Autor Principal: Becco, Pablo Fernando
Otros Autores: Estoup, Luis Alejandro - Mazieres, Ariel
Formato: Libro
Publicado: Buenos Aires : La Ley, 2001
Series:Notas universitarias
Materias:
Etiquetas: Agregar Etiqueta
Sin Etiquetas, Sea el primero en etiquetar este registro!
LEADER 00600nam a22002055a 4500
001 CEM.cems010970
005 20060214000000.0
008 130507s2001##################000#0#####d
003 CEMS
082 0 4 |a 340 
100 1 |a Becco, Pablo Fernando 
245 1 0 |a Manual de instituciones de derecho privado :  |b parte i / 
260 |a Buenos Aires :  |b La Ley,  |c 2001 
300 |a 172 p. 
490 0 |a Notas universitarias 
653 |a Derecho 
653 |a Derecho privado 
653 |a Empresa 
700 1 |a Estoup, Luis Alejandro - Mazieres, Ariel 
859 |a CEMS  |b BIB. CEMS - 11 de abril  |h 340  |i B387/1  |p 21769.02  |t Ej.1